2022 FIFA World Cup Group D - France - Denmark - Statistics

General Stats
  • This quiz has been taken 130 times
  • The average score is 20 of 32
Answer Stats
Player % Correct
Kylian Mbappé ²
98%
Hugo Lloris
95%
Olivier Giroud
92%
Antoine Griezmann
91%
Theo Hernandez
91%
Ousmane Dembélé
87%
Christian Eriksen
84%
Kasper Schmeichel
83%
Raphaël Varane
83%
Aurélien Tchouaméni
82%
Dayot Upamecano
79%
Adrien Rabiot
78%
Andreas Christensen ¹
72%
Rasmus Kristensen
72%
Didier Deschamps
68%
Jules Koundé
68%
Pierre-Emile Højbjerg
59%
Ibrahima Konaté
58%
Kingsley Coman
58%
Kasper Dolberg
52%
Mikkel Damsgaard
52%
Marcus Thuram
51%
Joakim Mæhle
48%
Youssouf Fofana
45%
Joachim Andersen
39%
Martin Braithwaite
37%
Andreas Cornelius
31%
Christian Nørgaard
28%
Jesper Lindstrøm
22%
Alexander Bah
19%
Kasper Hjulmand
19%
Victor Nelsson
19%
No matching quizzes found
Score Distribution
Percent of People with Each Score
Percentile by Number Answered
Your Score History
You have not taken this quiz